| 000 | 01779ngm a2200337 4500 | ||
|---|---|---|---|
| 003 | dpl | ||
| 005 | 20080723110517.0 | ||
| 007 | DVD | ||
| 008 | ||||||sp199 xxu|||||c|||| 00| 0 eng d | ||
| 010 | _aDVD-000859-861 | ||
| 024 |
_aA1850 _c499.00 |
||
| 035 | _aDVD-000859-861 | ||
| 040 |
_aDPL _cDPL |
||
| 082 | _aDVD / ATLA | ||
| 245 |
_aAtlantis Milo's Return : _cWalt Disney Home Entertainment _h[videorecording] DVD/ _bThe All New Aadventure |
||
| 246 | _a. | ||
| 260 | _bWalt Disney Home Entertainment | ||
| 300 |
_a1 videodisc DVD; (80 min.) : _bsd., col. ; _c4 3/4 in. _fDVD |
||
| 440 | _aWalt Disney Home Entertainment | ||
| 500 | _aSole Distributor in India M/s. Excel Productions Autio Visuals Pvt. Ltd. | ||
| 500 | _aSpecial Features: Search for The Spear of Destiny, Deleted Scene "Kraken Baby Sequence" | ||
| 500 | _aThis DVD is Copy Protected | ||
| 538 | _aDolby Digital 5.1 -English, Mandarian,Thai, Korean Subtitles: English, Mandarin, Bahasa, thai, Korean | ||
| 538 | _aAspect Ratio: 1.66:1, Presentation type:Wide Screen, Presentation Size 16x9, Format DVD 9 Dual Layer Single Sided Disc. | ||
| 650 | _aAnimated Movie | ||
| 942 |
_cCF _2ddc _hDVD _mATLA |
||
| 999 |
_c16423 _d16423 |
||